000 01235nam a2200373 i 4500
001 14219
003 KOSZ 005
005 20191214090758.0
008 070726s1971 pl a f 000 0 pol
015 _aPB 1972/619
035 _a(PL-WaBN)b19570259-48omnis_nlop
035 _ab19570259
035 _a(OCoLC)839103177
035 _a(PL)b0000001957025
040 _aWA N
_cWA N
_dKOSZ 005/RW
046 _k1971
080 _a658.3
100 1 _aFrank, Marian
_d(1909-1979).
_eAutor
245 1 0 _aElementy polityki personalnej w zakładzie pracy /
_cMarian Frank.
260 _aWarszawa :
_b"Książka i Wiedza",
_c1971.
300 _a363, [1] strony :
_bilustracje ;
_c18 cm.
336 _aTekst
_btxt
_2rdacontent
337 _aBez urządzenia pośredniczącego
_bn
_2rdamedia
338 _aWolumin
_bnc
_2rdacarrier
380 _aKsiążki
388 _a1901-2000
658 _aZarządzanie i marketing
650 7 _aKadry
_2DBN
650 7 _aPolityka
710 2 _aSpółdzielnia Wydawniczo-Handlowa "Książka i Wiedza"
_4pbl
856 _uhttp://koha.tu.koszalin.pl/cgi-bin/koha/opac-detail.pl?biblionumber=14219
_yKatalog online BPK
942 _2UKD
_cKS
999 _c14219
_d14219